La esclava del Sacramento : (Registro nro. 34998)

Detalles MARC
000 -LEADER
campo de control de longitud fija 00987nam a2200241 i 4500
001 - NÚMERO DE CONTROL
campo de control 34998
003 - IDENTIFICADOR DE NÚMERO DE CONTROL
campo de control ES-MaACL
005 - FECHA Y HORA DE LA ÚLTIMA TRANSACCIÓN
campo de control 20251015145002.0
007 - CAMPO FIJO DE DESCRIPCIÓN FÍSICA--INFORMACIÓN GENERAL
campo de control de longitud fija t|
008 - DATOS DE LONGITUD FIJA--INFORMACIÓN GENERAL
campo de control de longitud fija 030211s1943 sp af |||| | spa d
100 1# - ENTRADA PRINCIPAL--NOMBRE DE PERSONA
Nombre de persona Borrás, Tomás,
Fechas asociadas al nombre 1891-1976
9 (RLIN) 30556
245 13 - MENCIÓN DEL TÍTULO
Título La esclava del Sacramento :
Resto del título biografía dramática en ocho capítulos /
Mención de responsabilidad, etc. Tomás Borrás ; bocetos de decorado de José María del Hoyo.
260 ## - PUBLICACIÓN, DISTRIBUCIÓN, ETC.
Lugar de publicación, distribución, etc. Madrid :
Nombre del editor, distribuidor, etc. [s.n.],
Fecha de publicación, distribución, etc. 1943 (
Fabricante Artes Gráf. Sol)
300 ## - DESCRIPCIÓN FÍSICA
Extensión 138 p., 10 lám. ;
Dimensiones 25 cm.
490 1# - MENCIÓN DE SERIE
Mención de serie Cuadernos de literatura contemporánea
594 ## - Nota al título y mención de responsabilidad
Nota al título y mención de responsabilidad Precede al tít.: Consejo Superior de Investigaciones Científicas. Instituto Antonio de Nebrija.
600 07 - PUNTO DE ACCESO ADICIONAL DE MATERIA--NOMBRE DE PERSONA
Nombre de persona María Micaela del Santísimo Sacramento,
Títulos y otros términos asociados al nombre Santa
Fuente del encabezamiento o término
9 (RLIN) 140518
700 1# - ENTRADA AGREGADA--NOMBRE PERSONAL
Nombre de persona Hoyo, José María del.
9 (RLIN) 151430
710 2# - ENTRADA AGREGADA--NOMBRE DE ENTIDAD CORPORATIVA
Nombre de entidad corporativa o nombre de jurisdicción como elemento de entrada Instituto Antonio de Nebrija.
9 (RLIN) 4795
830 1# - PUNTO DE ACCESO ADICIONAL DE SERIE-TÍTULO UNIFORME
Título uniforme Cuadernos de literatura contemporánea
9 (RLIN) 181545
852 4# - LOCALIZACIÓN
Ubicación ES-MaACL
Número de control de estantería 1848-F-7
Existencias
Estatus retirado Estado de pérdida Estado de daño No para préstamo Colección Biblioteca de origen Biblioteca actual Ubicación en estantería Fecha de adquisición Fuente de adquisición Total de préstamos Signatura topográfica completa Código de barras Visto por última vez Precio de reemplazo Tipo de ítem Koha
        Colección de folletos Biblioteca del Ateneo de Madrid Biblioteca del Ateneo de Madrid Depósito folletos 17/01/2008     1848-F-7 1036582 23/02/2023 23/02/2023 Folleto